El diablo 1960 (Record no. 96361)

MARC details
000 -LEADER
campo de control de longitud fija 00566nam a2200193 i 4500
001 - NÚMERO DE CONTROL
campo de control 96361
003 - IDENTIFICADOR DE NÚMERO DE CONTROL
campo de control ES-MaACL
005 - FECHA Y HORA DE LA ÚLTIMA TRANSACCIÓN
campo de control 20230906181911.0
007 - CAMPO FIJO DE DESCRIPCIÓN FÍSICA--INFORMACIÓN GENERAL
campo de control de longitud fija t|
008 - DATOS DE LONGITUD FIJA--INFORMACIÓN GENERAL
campo de control de longitud fija 050616s1960 sp ||||1| spa d
100 1# - ENTRADA PRINCIPAL--NOMBRE DE PERSONA
Nombre de persona Mainer Pascual, Lázaro José.
9 (RLIN) 75600
245 13 - MENCIÓN DEL TÍTULO
Título El diablo 1960
Resto del título : (cuatro apariciones) /
Mención de responsabilidad, etc. Lázaro José Mainer Pascual.
260 ## - PUBLICACIÓN, DISTRIBUCIÓN, ETC.
Lugar de publicación, distribución, etc. Zaragoza :
Nombre del editor, distribuidor, etc. [s.n.],
Fecha de publicación, distribución, etc. 1960 (
Fabricante Graf. La Editorial)
300 ## - DESCRIPCIÓN FÍSICA
Extensión 53 p. ;
Dimensiones 18 cm.
490 1# - MENCIÓN DE SERIE
Mención de serie Alcorce
830 0# - PUNTO DE ACCESO ADICIONAL DE SERIE-TÍTULO UNIFORME
Título uniforme Alcorce
9 (RLIN) 232242
852 ## - LOCALIZACIÓN
Ubicación ES-MaACL
Número de control de estantería C-18189
Sublocalización o colección R.46413
Holdings
Estatus retirado Estado de pérdida Estado de daño No para préstamo Biblioteca de origen Biblioteca actual Ubicación en estantería Fecha de adquisición Fuente de adquisición Total de préstamos Signatura topográfica completa Código de barras Visto por última vez Precio de reemplazo Tipo de ítem Koha
        Biblioteca del Ateneo de Madrid Biblioteca del Ateneo de Madrid Galería 17/01/2008     C-18189 1100604 23/02/2023 23/02/2023 Libro impreso